00490 2200205 4500001002100000005001500021035002000036008004100056245003900097100002400136250000600160260003800166300001200204084001400216082000800230650001000238990001200248990001200260990001200272INLIS00000000000131120251002025613 a0010-0524000546251002 1 ind 1 aCewek Matre /cT. Sandi Situmorang aSitumorang, T Sandi a1 aYogyakarta :bSheila/ Andi,c2007 a198 hlm a813 SAN c a813 4aFiksi a0741464 a0741465 a0755600